The Design of Prestressed Concrete Bridges : (Record no. 13523)
[ view plain ]
| 000 -LEADER | |
|---|---|
| fixed length control field | 01271cam a22002778a 4500 |
| 001 - CONTROL NUMBER | |
| control field | 14718804 |
| 005 - DATE AND TIME OF LATEST TRANSACTION | |
| control field | 20100216083022.0 |
| 008 - FIXED-LENGTH DATA ELEMENTS--GENERAL INFORMATION | |
| fixed length control field | 070131s2008 nyu |rb 001 0 eng |
| 010 ## - LIBRARY OF CONGRESS CONTROL NUMBER | |
| LC control number | 2007004615 |
| 020 ## - INTERNATIONAL STANDARD BOOK NUMBER | |
| International Standard Book Number | 9780415235990 (hardback : alk. paper) |
| 040 ## - CATALOGING SOURCE | |
| Original cataloging agency | DLC |
| Transcribing agency | DLC |
| Modifying agency | DLC |
| 050 00 - LIBRARY OF CONGRESS CALL NUMBER | |
| Classification number | TG340 |
| Item number | .B3975 2007 |
| 082 00 - DEWEY DECIMAL CLASSIFICATION NUMBER | |
| Classification number | 624.2 |
| Edition number | 22 |
| Item number | BEN |
| 100 1# - MAIN ENTRY--PERSONAL NAME | |
| Personal name | Benaim, Robert. |
| 9 (RLIN) | 11958 |
| 245 14 - TITLE STATEMENT | |
| Title | The Design of Prestressed Concrete Bridges : |
| Remainder of title | Concepts and Principles / |
| Statement of responsibility, etc | Robert Benaim. |
| 260 ## - PUBLICATION, DISTRIBUTION, ETC. (IMPRINT) | |
| Place of publication, distribution, etc | New York : |
| Name of publisher, distributor, etc | Taylor & Francis, 2008 |
| Date of publication, distribution, etc | 2008 |
| 263 ## - PROJECTED PUBLICATION DATE | |
| Projected publication date | 0708 |
| 300 ## - PHYSICAL DESCRIPTION | |
| Extent | 581 p.: |
| Other physical details | ill.; |
| Dimensions | 25 cm. |
| 504 ## - BIBLIOGRAPHY, ETC. NOTE | |
| Bibliography, etc | Includes bibliographical references (p.568-571) and index. |
| 650 #0 - SUBJECT ADDED ENTRY--TOPICAL TERM | |
| Topical term or geographic name as entry element | Prestressed concrete bridges |
| General subdivision | Design and construction. |
| 9 (RLIN) | 11959 |
| 856 41 - ELECTRONIC LOCATION AND ACCESS | |
| Materials specified | Table of contents only |
| Uniform Resource Identifier | <a href="http://www.loc.gov/catdir/toc/ecip0710/2007004615.html">http://www.loc.gov/catdir/toc/ecip0710/2007004615.html</a> |
| 942 ## - ADDED ENTRY ELEMENTS (KOHA) | |
| Source of classification or shelving scheme | Dewey Decimal Classification |
| Item type | NB - Book (Non borrowing) |
| Withdrawn status | Item status | Source of classification or shelving scheme | Damaged status | Not for loan | Vendor | Home library | Current library | Shelving location | Date acquired | Source of acquisition | Total Checkouts | Full call number | Barcode | Date last seen | Koha item type | Total Renewals | Date last borrowed |
|---|---|---|---|---|---|---|---|---|---|---|---|---|---|---|---|---|---|
| Dewey Decimal Classification | Baccah | Central Library | Central Library | First floor | 28/02/2010 | 624.2 BEN | 000019871 | 15/07/2025 | NB - Book (Non borrowing) | ||||||||
| Dewey Decimal Classification | Baccah | Central Library | Central Library | First floor | 28/02/2010 | 3 | 624.2 BEN | 000019872 | 15/07/2025 | Book - Borrowing | 1 | 28/05/2022 |